Mathematical modelling / (Record no. 8562)

MARC details
000 -LEADER
fixed length control field 01112cam a22003134a 4500
001 - CONTROL NUMBER
control field 12230661
003 - CONTROL NUMBER IDENTIFIER
control field OSt
005 - DATE AND TIME OF LATEST TRANSACTION
control field 20240617145132.0
008 - FIXED-LENGTH DATA ELEMENTS--GENERAL INFORMATION
fixed length control field 001114s1995 enka 001 0 eng
010 ## - LIBRARY OF CONGRESS CONTROL NUMBER
LC control number 00456398
020 ## - INTERNATIONAL STANDARD BOOK NUMBER
International Standard Book Number 0340614048
040 ## - CATALOGING SOURCE
Original cataloging agency DLC
Transcribing agency must
Modifying agency DLC
042 ## - AUTHENTICATION CODE
Authentication code pcc
050 00 - LIBRARY OF CONGRESS CALL NUMBER
Classification number QA401
Item number .B48 1995
082 00 - DEWEY DECIMAL CLASSIFICATION NUMBER
Classification number 511.8 BER 1995
Edition number 21
100 1# - MAIN ENTRY--PERSONAL NAME
Personal name Berry, J.
Fuller form of name (John Stephen),
Dates associated with a name 1947-
9 (RLIN) 17373
245 10 - TITLE STATEMENT
Title Mathematical modelling /
Statement of responsibility, etc. J. Berry, K. Houston.
260 ## - PUBLICATION, DISTRIBUTION, ETC. (IMPRINT)
Place of publication, distribution, etc. London :
Name of publisher, distributor, etc. E. Arnold,
Date of publication, distribution, etc. 1995.
300 ## - PHYSICAL DESCRIPTION
Extent x, 142 p. :
Other physical details ill. ;
Dimensions 25 cm.
440 #0 - SERIES STATEMENT/ADDED ENTRY--TITLE
Title Modular mathematics series
9 (RLIN) 6275
500 ## - GENERAL NOTE
General note Includes indexes.
650 #0 - SUBJECT ADDED ENTRY--TOPICAL TERM
Topical term or geographic name as entry element Mathematical models.
9 (RLIN) 2809
700 1# - ADDED ENTRY--PERSONAL NAME
Personal name Houston, K.
Fuller form of name (Ken)
9 (RLIN) 17374
856 41 - ELECTRONIC LOCATION AND ACCESS
Materials specified Table of contents
Uniform Resource Identifier http://www.loc.gov/catdir/toc/els051/00456398.html
856 42 - ELECTRONIC LOCATION AND ACCESS
Materials specified Publisher description
Uniform Resource Identifier http://www.loc.gov/catdir/description/els031/00456398.html
906 ## - LOCAL DATA ELEMENT F, LDF (RLIN)
a 7
b cbc
c orignew
d 2
e ncip
f 20
g y-gencatlg
942 ## - ADDED ENTRY ELEMENTS (KOHA)
Source of classification or shelving scheme Dewey Decimal Classification
Koha item type Open Shelf
Holdings
Withdrawn status Lost status Source of classification or shelving scheme Damaged status Not for loan Home library Current library Date acquired Source of acquisition Inventory number Total Checkouts Full call number Barcode Date last seen Price effective from Koha item type
    Other/Generic Classification Scheme     MUST Main Library MUST Main Library 17/06/2024 Purchase 04/22180   511.8 BER 1995 2024-20685 17/06/2024 17/06/2024 Open Shelf